Ekologické a socioekonomické hodnotenie vegetácie

Na minha lista:
Detalhes bibliográficos
Autor principal: Jurko, Anton
Formato: Livro
Idioma:eslovaco
Publicado em: Bratislava Príroda 1990
Edição:1. vyd.
Colecção:Ochrana prírody
Tags: Adicionar Tag
Sem tags, seja o primeiro a adicionar uma tag!

MARC

LEADER 00000nam a2200000 4500
001 c034658
005 20221215070441.7
041 0 |a slo 
044 |a SK 
245 1 0 |a Ekologické a socioekonomické hodnotenie vegetácie  |c Anton Jurko 
250 |a 1. vyd. 
264 1 |a Bratislava  |b Príroda  |c 1990 
300 |a 195 s.  |e príl. 
490 1 |a Ochrana prírody 
830 0 |a Ochrana prírody 
100 1 |a Jurko, Anton